Zenei fesztivál kezdődött Nagykaposon az Ung-vidék egyetlen művészeti alapiskolája nehéz anyagi helyzetben van ...

Bibliographic Details
Main Author: Leczo, Zoltán, 1972- (Author)
Format: Article
Language:Hungarian
PhysicalDescription:Fotogr.
Subjects:

MARC

LEADER 00000nab a2200000 ar4500
001 vtls008960795
003 SK-MaSNL
005 20260318133216.0
008 060612c20060603xo |||||||| 000 b|hun
015 |a SNBRB2006/06  |2 snkbucl 
038 |a SNKBUCL 
040 |a DSZK  |b slo  |c DSZK  |e AACR2 
041 0 |a hun 
044 |a xo  |c SK 
080 |a 78.079  |2 1997 
100 1 |a Leczo, Zoltán,  |d 1972-  |4 aut  |9 846881 
245 1 0 |a Zenei fesztivál kezdődött Nagykaposon  |b az Ung-vidék egyetlen művészeti alapiskolája nehéz anyagi helyzetben van ...  |c Leczo Zoltán 
300 |b Fotogr. 
611 2 7 |a Veľkokapušianske hudobné dni  |n (2. :  |d 2006 :  |c Veľké Kapušany, Slovensko)  |2 snkbucl  |9 1241876 
650 0 7 |a hudobné festivaly  |2 snkbucl  |9 2958 
773 0 |t Új szó  |g Évf. 59, sz. 127 (3.6.2006), o. 4 
852 |a SNK  |b KIS3GCP 
852 |a DSZK  |b KIS3GCP 
958 |a HU 
958 |a SK 
999 |c 2199780  |d 2201710